009790000a220021700045007000027000007000025000277000024000521110166000762450132002422460157003743000011005316500032005426500042005746500033006166500017006496500031006660410013006970410014007100440013007242600024007371 aGettkant, AndreasrEd.1 aQuintero, JustorEd.1 aSpecht, RudolfrEd.2 aInternational Workshop on Biodiversity: Information and Participation Information Management for Sustainable Use and BiosafetylLa Habana - Cubafmarzo 4-8, 200110aInternational workshop on biodiversity, information and participationsinformation management for sustainable use and biosafety3 aTaller internacional sobre la diversidad biológica, información y participaciónsmanejo de información para el uso sustentable y la bioseguridad bCD-ROM14aCooperación internacional14aConvenio sobre diversidad biológica14aMecanismos de facilitación14aBioseguridad14aManejo de la información0 aInglés0 aEspañol aAlemania aEschbornbGTZc2001